<?xml version="1.0" encoding="UTF-8"?><?xml-stylesheet type="text/xsl" href="static/style.xsl"?><OAI-PMH xmlns="http://www.openarchives.org/OAI/2.0/" xmlns:xsi="http://www.w3.org/2001/XMLSchema-instance" xsi:schemaLocation="http://www.openarchives.org/OAI/2.0/ http://www.openarchives.org/OAI/2.0/OAI-PMH.xsd"><responseDate>2026-04-17T11:30:14Z</responseDate><request verb="GetRecord" identifier="oai:www.recercat.cat:10459.1/47723" metadataPrefix="marc">https://recercat.cat/oai/request</request><GetRecord><record><header><identifier>oai:recercat.cat:10459.1/47723</identifier><datestamp>2024-12-05T23:08:41Z</datestamp><setSpec>com_2072_3622</setSpec><setSpec>col_2072_478537</setSpec></header><metadata><record xmlns="http://www.loc.gov/MARC21/slim" xmlns:dcterms="http://purl.org/dc/terms/" xmlns:xsi="http://www.w3.org/2001/XMLSchema-instance" xmlns:doc="http://www.lyncode.com/xoai" xsi:schemaLocation="http://www.loc.gov/MARC21/slim http://www.loc.gov/standards/marcxml/schema/MARC21slim.xsd">
   <leader>00925njm 22002777a 4500</leader>
   <datafield ind2=" " ind1=" " tag="042">
      <subfield code="a">dc</subfield>
   </datafield>
   <datafield ind2=" " ind1=" " tag="720">
      <subfield code="a">Roselló Villar, Ariadna</subfield>
      <subfield code="e">author</subfield>
   </datafield>
   <datafield ind2=" " ind1=" " tag="260">
      <subfield code="c">2015-01-21T09:50:46Z</subfield>
   </datafield>
   <datafield ind2=" " ind1=" " tag="260">
      <subfield code="c">2015-01-21T09:50:46Z</subfield>
   </datafield>
   <datafield ind2=" " ind1=" " tag="260">
      <subfield code="c">2014</subfield>
   </datafield>
   <datafield ind2=" " ind1=" " tag="520">
      <subfield code="a">La diabetis mellitus 1 és una malaltia de gran incidència entre la població pediàtrica i adolescent, tant al nostre país com a nivell internacional, per tant hi ha una necessitat de salut de poder realitzar d’una forma efectiva l’educació sanitària que permeti un millor control de la malaltia. Per l’altra banda, l’ús de la tecnologia permet explorar noves formes de comunicació i integrar-les en l’entorn sanitari de manera que és crea un nou sistema educatiu essencial pels professionals sanitaris i que pot ser molt útil per la tasca d’infermeria quan tingui que realitzar educació sanitària.&#xd;
Aquest treball té per objectiu aconseguir que els nostres pacients adolescents millorin el control de la seva malaltia en la fase de debut mitjançant l’ús de les tecnologies.&#xd;
La metodologia emprada s’ha basat en la revisió bibliogràfica per la configuració dels diferents apartats. S’han consultat les bases de dades científiques com Pubmed, Scoopus i Cuiden entre altres. Els criteris de selecció dels documents ens hem basat en un període de temps de 5 anys enrere, publicats en format lliure per visualitzar-lo sencer i preferiblement publicat en llengua estrangera.&#xd;
La intervenció es basa en la creació teòrica d’un aplicatiu per telefonia mòbil i la descripció de tots els procediments vinculats a la seva implementació. Un element innovador front a altres aplicatius és l’ús de la gamificació. Ens basem en aquest concepte per desenvolupar una educació sanitària i adaptant-nos al nivell dels nostres usuaris.&#xd;
L’avaluació de la intervenció es planteja des d’una doble perspectiva: una, el control de glicèmia capil·lar i d’hemoglobina glicosilada i dos, la perspectiva dels pacients en relació a la acceptació de la malaltia i les limitacions que presenta la intervenció segons els nostres usuaris.&#xd;
Aquest projecte que es presenta és innovador en el nostre context en quan integrar la educació sanitària, l’ús de les TiC’s i la gamificació en un intent d’explorar estratègies que ens aproximin a la població.</subfield>
   </datafield>
   <datafield ind1="8" ind2=" " tag="024">
      <subfield code="a">http://hdl.handle.net/10459.1/47723</subfield>
   </datafield>
   <datafield tag="653" ind2=" " ind1=" ">
      <subfield code="a">Diabetis</subfield>
   </datafield>
   <datafield tag="653" ind2=" " ind1=" ">
      <subfield code="a">Adolescents</subfield>
   </datafield>
   <datafield tag="653" ind2=" " ind1=" ">
      <subfield code="a">TICS</subfield>
   </datafield>
   <datafield tag="653" ind2=" " ind1=" ">
      <subfield code="a">Educació sanitària</subfield>
   </datafield>
   <datafield tag="653" ind2=" " ind1=" ">
      <subfield code="a">Diabetis juvenil</subfield>
   </datafield>
   <datafield tag="653" ind2=" " ind1=" ">
      <subfield code="a">Educació sanitària</subfield>
   </datafield>
   <datafield tag="653" ind2=" " ind1=" ">
      <subfield code="a">Tecnologia de la informació</subfield>
   </datafield>
   <datafield ind2="0" ind1="0" tag="245">
      <subfield code="a">Teen&amp;Diabt: una aplicació educativa mitjançant la tecnologia mòbil per adolescents en la fase de debut diabètic.</subfield>
   </datafield>
</record></metadata></record></GetRecord></OAI-PMH>